00590nam a22001697a 450000500170000001000130001702000260003003500120005603700160006808200080008410000220009224500970011424600770021126000530028827000580034130000210039920221209112352.0 aUR-11780 a9789392496141c138.00 aU-10335 bDBAD/PUBa- a841 aبدر محمدی aہم عصر شعری جہات :bتنقیدی مضامین /cبدر محمدیhا ر د و aHum asr sheri jehat (collection of critical essays) /bby Badr Mohammadi aNew DelhibEducational Publishing Housec2021 ء aH.O. D1/16, Ansari Road, DaryaganjbNew Delhie110002 a216 صc23cm(Hb)